Tax System in Slovakia and Countries V4

Daňový systém a jednotlivé dane v Slovenskej republike a členských krajín V4. Dane fyzických osôb, dane podnikateľských subjektov a daň z pridanej hodnoty.

Salvato in:
Dettagli Bibliografici
Autore principale: Manová, Eva, 1957-
Altri autori: Kopčáková, Janka, 1994-
Natura: Capitolo di libro
Lingua:inglese
Soggetti:
Tags: Aggiungi Tag
Nessun Tag, puoi essere il primo ad aggiungerne!!

MARC

LEADER 00000naa$a2200000$$$4500
001 0271518
005 20240502074257.7
041 0 |a eng 
044 |a SK 
245 1 0 |a Tax System in Slovakia and Countries V4  |c Eva Manová, Janka Kopčáková 
520 |a Daňový systém a jednotlivé dane v Slovenskej republike a členských krajín V4. Dane fyzických osôb, dane podnikateľských subjektov a daň z pridanej hodnoty. 
610 2 0 |a systémy daňové 
610 2 0 |a dane 
610 2 0 |a dane z hodnoty pridanej 
610 2 0 |a dane nepriame 
610 2 0 |a dane priame 
610 2 0 |a dane miestne 
610 2 0 |a sadzby daňové 
610 2 0 |a Slovensko 
610 2 0 |a Vyšehradská štvorka 
100 1 |a Manová, Eva, 1957- 
700 1 |a Kopčáková, Janka, 1994-